000 00716nam a22002297a 4500
003 UA-OsUOA
001 126766
007 ta
008 20171106b un ||||| |||| 00| 0 ukr d
100 _aПалійчук Т. В.
700 _aКуницький К. С.
090 _a330(477)
_bП14
942 _cSA
040 _aUA-OsUOA
_bukr
_cUA-OsUOA
_dUA-OsUOA
245 _aАктуальні питання теорії та практики фіскальної децентралізації
300 _aС.30-37
955 _a0
041 _aukr
080 _a330(477)
773 0 _w126762
_tЕкономіка. Фінанси. Право.
_dК.
_d2017
_g9
650 7 _a330 Економіка взагалі
_2UDC
999 _c414305
_d414305